000 00484nam a2200217 454500
001 031463
003 BD-ChCU
008 Eng
020 _ax
040 _aDLC
_cDLC
_dBD-ChCU
082 0 0 _a574.07/BAS
100 1 _aBaker, Jeffrey J.W.
_bAllen, Garland E.
245 1 0 _aThe study of biology
_bx
250 _a3
260 _aReading
_bAddison - Wesley
_c1977
300 _axviii, 1122
504 _ax
650 0 _aBiology
_bBiology
700 1 _ax
942 _2ddc
_cBK
999 _c31463
_d31463